Schaum`s Outline of theory and Problem`s of strength of Materials (Record no. 7222)

000 -LEADER
fixed length control field 00544nam a22002057a 4500
001 - CONTROL NUMBER
control field 7222
003 - CONTROL NUMBER IDENTIFIER
control field BD-DhUET
008 - FIXED-LENGTH DATA ELEMENTS--GENERAL INFORMATION
fixed length control field 141207b xxu||||| |||| 00| 0 eng d
020 ## - INTERNATIONAL STANDARD BOOK NUMBER
International Standard Book Number 070458944
040 ## - CATALOGING SOURCE
Original cataloging agency DLC
Transcribing agency DLC
Modifying agency BD-DhUET
082 ## - DEWEY DECIMAL CLASSIFICATION NUMBER
Classification number 620.11
Item number NAS/1972
100 ## - MAIN ENTRY--PERSONAL NAME
Personal name Nash,Willam A.
245 ## - TITLE STATEMENT
Title Schaum`s Outline of theory and Problem`s of strength of Materials
250 ## - EDITION STATEMENT
Edition statement 2nd ed.
260 ## - PUBLICATION, DISTRIBUTION, ETC. (IMPRINT)
Place of publication, distribution, etc. New York
Name of publisher, distributor, etc. Mcgraw - Hill
Date of publication, distribution, etc. 1972
300 ## - PHYSICAL DESCRIPTION
Extent 396 p.
490 ## - SERIES STATEMENT
Series statement Schaum's outline series
650 #0 - SUBJECT ADDED ENTRY--TOPICAL TERM
Topical term or geographic name as entry element Strength of materials
942 ## - ADDED ENTRY ELEMENTS (KOHA)
Koha item type General Book
Holdings
Date acquired Koha date last borrowed Koha renewals Piece designation (barcode) Sublocation or collection (holding branch) Koha item type Koha issues (times borrowed) Source of classification or shelving scheme Location (home branch) Withdrawn status Lost status Koha full call number Price effective from Koha normalized classification for sorting Shelving location Koha date last seen Not for loan Copy number Damaged status
2014-12-072018-10-27230119Central Library, BUETGeneral Book1 Central Library, BUET  620.11/NAS/19722014-12-07620_110000000000000_NAS_1972Circulation section2022-09-12 1 
2015-01-292026-05-09 34893Central Library, BUETGeneral Book1 Central Library, BUET  620.11/NAS/19722015-01-29620_110000000000000_NAS_1972Circulation section2026-05-11 2 
2015-06-15  30114Central Library, BUETReading Item  Central Library, BUET  620.11/NAS/19722015-06-15620_110000000000000_NAS_1972Reading section2015-06-15 3 
2015-06-16  26295Central Library, BUETReading Item  Central Library, BUET  620.11/NAS/19722015-06-16620_110000000000000_NAS_1972Reading section2015-06-16 4 
2015-06-16  26294Central Library, BUETReading Item  Central Library, BUET  620.11/NAS/19722015-06-16620_110000000000000_NAS_1972Reading section2015-06-16 5 
2015-06-16  30128Central Library, BUETReading Item  Central Library, BUET  620.11/NAS/19722015-06-16620_110000000000000_NAS_1972Reading section2015-06-16 6